Statistics for 15 Largest Cities in Tanzania🇹🇿

Click here to take the quiz!

General Stats

  • This quiz has been taken 18 times
  • The average score is 7 of 15

Answer Stats

PopulationCity% Correct
180kDodoma
94%
2.6 milDar es Salaam
88%
341kArusha
75%
436kMwanza
69%
403kZanzibar
69%
291kMbeya
50%
145kTabora
44%
164kKigoma
38%
250kMorogoro
38%
156kMoshi
38%
126kSongea
38%
111kIringa
31%
224kTanga
25%
121kMusoma
19%
108kKatumba
6%

Score Distribution

Percentile by Number Answered

Percent of People with Each Score

Your Score History

You have not taken this quiz